Le filosofie femministe : due secoli di battaglie teoriche e pratiche /
Guardat en:
| Autors principals: | , |
|---|---|
| Format: | Llibre |
| Idioma: | italià |
| Publicat: |
Milano :
Bruno Mondadori,
[2002]
|
| Col·lecció: | I fili del pensiero
|
| Matèries: | |
| Etiquetes: |
Sense etiquetes, Sigues el primer a etiquetar aquest registre!
|
MARC
| LEADER | 00000nam a22000007i 4500 | ||
|---|---|---|---|
| 001 | IT\ICCU\RAV\0927246 | ||
| 003 | ItRI | ||
| 005 | 20250222223051.0 | ||
| 008 | 020930s2002 it |||||| ||||| |||||c | ||
| 020 | |a 8842495875 | ||
| 020 | |a 9788861592643 | ||
| 040 | |b ita |c ARCIGAY RIMINI | ||
| 041 | 7 | |a ita |2 ISO-639-2 | |
| 082 | |a 305.42 |2 20 | ||
| 100 | 1 | |a Cavarero, Adriana |0 IT\ICCU\CFIV\048110 |4 aut | |
| 240 | 1 | 3 | |a Le filosofie femministe. |9 Cavarero, Adriana |
| 245 | 1 | 3 | |a Le filosofie femministe : |b due secoli di battaglie teoriche e pratiche / |c Adriana Cavarero, Franco Restaino. |
| 260 | |a Milano : |b Bruno Mondadori, |c [2002] | ||
| 300 | |a 257 p. ; |c 22 cm | ||
| 500 | |a Segue: Antologia. | ||
| 650 | 7 | |a Femminismo | |
| 650 | 7 | |a Donna |x Concezione |x Sec. 19.-20. |2 scbi | |
| 700 | 1 | |a Restaino, Franco |0 IT\ICCU\CFIV\001586 |4 aut | |
| 830 | 2 | |a I fili del pensiero |0 IT\ICCU\RAV\0786130 | |
| 942 | |2 ddc |c BK | ||
| 952 | |0 0 |1 0 |2 ddc |4 0 |6 305_420000000000000_CAV_FIL |7 1 |9 3380 |a RN |b RN |d 2025-02-22 |l 0 |o 305.42 CAV FIL |p 10639 |r 2025-02-22 22:31:12 |w 2025-02-22 |x DONAZIONE DI GIOVANNI RIMONDINI |y BK |z DONAZIONE DI GIOVANNI RIMONDINI | ||
| 981 | 1 | |6 z01 |a i |b xxxe | |
| 982 | 1 | |6 z01 |a n | |
| 999 | |c 2680 |d 2680 | ||